Fifa 16 Bpl TOTS - Statistics

General Stats
  • This quiz has been taken 419 times
  • The average score is 19 of 24
Answer Stats
Hint Answer % Correct
ST-Leicester-91 Jamie Vardy
96%
ST-Tottenham-93 Harry Kane
95%
CAM-Arsenal-94 Mesut Ozil
92%
RM-Leicester-93 Riyad Mahrez
92%
GK-Manchester United-94 David De Gea
91%
GK-Arsenal-93 Petr Cech
91%
GK-Stoke City-86 Jack Butland
88%
CM-Leicester City-88 N'golo Kante
88%
ST-Everton-89 Romelu Lukaku
88%
ST-Manchester City-95 Sergio Aguero
88%
LM-West Ham-90 Dimitri Payet
87%
RB-Arsenal-86 Hector Bellerin
86%
CB-Manchester United-88 Chris Smalling
81%
CAM-Tottenham-85 Dele Alli
81%
CB-Leicester city-84 Wes Morgan
81%
CM-Leicester City-74 Danny Drinkwater
74%
LB-Leicester City-74 Christian Fuchs
73%
CB-Southampton-84 Virgil Van Dijk
66%
CDM-Tottenham-74 Eric Dier
65%
CB-Tottenham-88 Toby Alderweireld
65%
CB-Leicester City-84 Robert Huth
64%
LM-Stoke City-88 Marko Arnautovic
51%
ST-Watford-83 Odion Ighalo
49%
CB-Bournemouth-74 Steve Cook
39%
No matching quizzes found
Score Distribution
Percent of People with Each Score
Percentile by Number Answered
Your Score History
You have not taken this quiz